Caracterización de cercos vivos en la cuenca del río Chambery-Caldas (Registro nro. 4532)

Detalles MARC
000 -CABECERA
Campo de control 01420nam a2200229 a 4500
005 - FECHA Y HORA DE LA ULTIMA TRANSACCION
Campo de control 20140905145110.0
008 - ELEMENTOS DE LONGITUD FIJA—INFORMACION GENERAL
Campo de control 140123b2004 ck ||||| |||| 00| 0 spa d
041 ## - IDIOMA
Código de idioma para texto/pista de sonido o título separado Español
044 ## - PAÍS DE PUBLICACIÓN
País de publicación Colombia
090 ## - CLASIFICACIÓN LOCAL
Colección IAVH
Consecutivo 00335
100 1# - ASIENTO PRINCIPAL--NOMBRE PERSONAL
Nombre personal Suárez-Suárez, Luz Stella
245 10 - MENCION DE TITULO
Título Caracterización de cercos vivos en la cuenca del río Chambery-Caldas
260 ## - PUBLICACION, DISTRIBUCION, ETC. (PIE DE IMPRENTA)
Lugar de publicación, distribución, etc. Bogotá
Nombre del editor, distribuidor, etc. Instituto Humboldt
Fecha de publicación, distribución, etc. 2004
300 ## - DESCRIPCION FISICA
Extensión 53 p.
Dimensiones 28 cm.
520 ## - NOTA DE RESUMEN, ETC.
Nota de resumen Realización del inventario florístico, la caracterización estructural y el uso de los cercos vivos en la cuenca. Tipificación de los cercos vivos de la zona, con base en su origen, uso, manejo y conectividad. Se identificaron dos tipos de cercos vivos, los cuales constituyen espacios productivos del paisaje, ya que son fuente de combustible fosil, alimento y madera para los habitantes de la cuenca; son referentes territoriales y elementos del paisaje importantes para procesos de sucesión vegetal y de conservación de la flora actual, así como en la conectividad de los elementos del paisaje. Se recomienda la formulación de políticas de fomento de uso de especies que prestan servicios ambientales
650 #4 - ASIENTO SECUNDARIO DE MATERIA - TERMINO TEMATICO
Término temático o nombre geográfico como elemento de entrada Caracterización y tipificación de cercos vivos
650 #4 - ASIENTO SECUNDARIO DE MATERIA - TERMINO TEMATICO
Término temático o nombre geográfico como elemento de entrada Espacios productivos del paisaje
650 #4 - ASIENTO SECUNDARIO DE MATERIA - TERMINO TEMATICO
Término temático o nombre geográfico como elemento de entrada Referentes territoriales
650 #4 - ASIENTO SECUNDARIO DE MATERIA - TERMINO TEMATICO
Término temático o nombre geográfico como elemento de entrada Conservación de flora
942 ## - ELEMENTOS ADICIONALES (KOHA)
Tipo de ítem Informe Técnico
Sistema de clasificación Local
945 ## - PROCESAMIENTO LOCAL
AAAA-MM-DD - Fecha de ingreso o modificacion 2005-05-25
Existencias
Withdrawn status Lost status Sistema de Clasificación Damaged status No para préstamo Colección Inventariado Ubicación Permanente Ubicación actual Fecha de adquisición Total Checkouts Número topográfico Inventario / Código de Barras Date last seen Ejemplar Price effective from Forma de adquisición Tipo de material
    Local     Humboldt Inventariado 2017 Bogotá Bogotá 25/05/2005   IAVH-00335 018975 09/08/2024 Ej. 1 04/12/2012   Informe Técnico